<?xml version="1.0" encoding="UTF-8"?>
<marc:record xmlns:marc="http://www.loc.gov/MARC21/slim">
   <marc:leader>00000nam a2200000 a 4500</marc:leader>
   <marc:datafield ind1="1" ind2=" " tag="100">
      <marc:subfield code="a">Klinger, Eva-Maria</marc:subfield>
      <marc:subfield code="4">aut</marc:subfield>
      <marc:subfield code="e">Verfasser/-in</marc:subfield>
   </marc:datafield>
   <marc:datafield ind1="0" ind2="0" tag="245">
      <marc:subfield code="a">Nie am Ziel. Helmut Lohner</marc:subfield>
   </marc:datafield>
   <marc:datafield ind1="0" ind2="0" tag="245">
      <marc:subfield code="c">Eva-Maria Klinger</marc:subfield>
   </marc:datafield>
   <marc:datafield ind1=" " ind2="1" tag="264">
      <marc:subfield code="a">Wien</marc:subfield>
      <marc:subfield code="b">Amalthea Signum</marc:subfield>
      <marc:subfield code="c">2015</marc:subfield>
   </marc:datafield>
   <marc:datafield ind1="1" ind2=" " tag="520">
      <marc:subfield code="a">Das Porträt eines großen österreichischen Schauspielers und#faszinierenden Menschen. &#x84;Er war ein Genie und ein Urtalent. Ich#glaube, er war von Anfang an Schauspieler&#x93;, sagt Helmuth Lohners#Lebenspartner auf der Bühne, Otto Schenk. Der Wiener Theater--#und Filmschauspieler begann seine Karriere im Theater in derJosefstadt, bereits ab seinem 22. Lebensjahr war er in#Berlin, München, Hamburg und der Schweiz, wo er 38 Jahre#lebte,ein begehrter Schauspieler, seit 1972 auch alljährlich bei den Salzburger Festspielen. Nach seiner Rückkehr nach Wien leitete#Helmuth Lohner neun Jahre das Theater iin der Josefstadt.#Als Regisseur inszenierte erTheaterstücke, Opern, Operetten#und Filme. Eva Maria Klinger, die Lohner als Kulturjournalistin#über Jahrzehnte begleitet hat, zeichnet &#x96; unterstützt von#Gesprächen mit seinen Wegbegleitern &#x96; das spannende und#wahrhaftige Porträt eines großen Unzufriedenen. Sie beschreibt#den humorvollen und nachdenklichen Menschen, seine große#Kunst, sein Publikum zu packen und zu bezaubern und erzählt gleichzeitig ein Stück deutschsprachiger Theatergeschichte#der letzten 60 Jahre.</marc:subfield>
   </marc:datafield>
   <marc:datafield ind1=" " ind2=" " tag="020">
      <marc:subfield code="a">9783990500224</marc:subfield>
      <marc:subfield code="9">9783990500224</marc:subfield>
   </marc:datafield>
   <marc:datafield ind1=" " ind2=" " tag="041">
      <marc:subfield code="a">ger</marc:subfield>
   </marc:datafield>
   <marc:datafield ind1=" " ind2=" " tag="300">
      <marc:subfield code="a">288 S.</marc:subfield>
   </marc:datafield>
</marc:record>
